000 00931cam a22002774a 4500
001 15504567
005 20131111111252.0
007 ta
008 081030s2009 maua r 001 0 eng
010 _a 2008046724
020 _a0073385867 (hard copy : alk. paper)
020 _a9780073385860 (hard copy : alk. paper)
050 0 0 _aTA345
_b.G6832 2009
082 0 0 _a620.00285536
_222
_bGOT
100 1 _aGottfried, Byron S.,
_d1934-
_934410
245 1 0 _aSpreadsheet tools for engineers using Excel 2007 /
_cByron S. Gottfried.
260 _aBoston :
_bMcGraw-Hill,
_c2010
300 _ax, 511 p. :
_bill. ;
_c23 cm.
490 _95314
_aMcGraw-Hill's BEST--basic engineering series and tools
500 _aIncludes index.
630 0 0 _aMicrosoft Excel (Computer file)
_934411
650 0 _aEngineering
_xData processing.
_934412
650 0 _aElectronic spreadsheets.
_934413
653 _bCiv
_cNovember2013
942 _2ddc
_cBB
999 _c17744
_d17716